<?xml version="1.0" encoding="UTF-8"?>
<record
    xmlns:xsi="http://www.w3.org/2001/XMLSchema-instance"
    xsi:schemaLocation="http://www.loc.gov/MARC21/slim http://www.loc.gov/standards/marcxml/schema/MARC21slim.xsd"
    xmlns="http://www.loc.gov/MARC21/slim">

  <leader>01736nam0a2200385   4500</leader>
  <controlfield tag="001">RU\NLR\bibl\1487592</controlfield>
  <controlfield tag="005">20260406141623.0</controlfield>
  <datafield tag="010" ind1=" " ind2=" ">
    <subfield code="a">978-5-235-03324-5</subfield>
  </datafield>
  <datafield tag="021" ind1=" " ind2=" ">
    <subfield code="a">RU</subfield>
    <subfield code="b">2010-4926</subfield>
    <subfield code="9">309</subfield>
  </datafield>
  <datafield tag="035" ind1=" " ind2=" ">
    <subfield code="a">(NLR Aleph) 001479191</subfield>
  </datafield>
  <datafield tag="090" ind1=" " ind2=" ">
    <subfield code="a">1692602</subfield>
    <subfield code="c">1692602</subfield>
  </datafield>
  <datafield tag="100" ind1=" " ind2=" ">
    <subfield code="a">20100320d2010    |||y0rusy50      ca</subfield>
  </datafield>
  <datafield tag="101" ind1="0" ind2=" ">
    <subfield code="a">rus</subfield>
  </datafield>
  <datafield tag="102" ind1=" " ind2=" ">
    <subfield code="a">RU</subfield>
  </datafield>
  <datafield tag="105" ind1=" " ind2=" ">
    <subfield code="a">a   |||||||||</subfield>
  </datafield>
  <datafield tag="200" ind1="1" ind2=" ">
    <subfield code="a">&#x421;&#x442;&#x430;&#x43B;&#x438;&#x43D;</subfield>
    <subfield code="f">&#x421;&#x432;&#x44F;&#x442;&#x43E;&#x441;&#x43B;&#x430;&#x432; &#x420;&#x44B;&#x431;&#x430;&#x441;</subfield>
  </datafield>
  <datafield tag="205" ind1=" " ind2=" ">
    <subfield code="a">[&#x418;&#x437;&#x434;. 2-&#x435;]</subfield>
  </datafield>
  <datafield tag="210" ind1=" " ind2=" ">
    <subfield code="a">&#x41C;&#x43E;&#x441;&#x43A;&#x432;&#x430;</subfield>
    <subfield code="c">&#x41C;&#x43E;&#x43B;&#x43E;&#x434;&#x430;&#x44F; &#x433;&#x432;&#x430;&#x440;&#x434;&#x438;&#x44F;</subfield>
    <subfield code="d">2010</subfield>
  </datafield>
  <datafield tag="215" ind1=" " ind2=" ">
    <subfield code="a">901, [1] &#x441;., [16] &#x43B;. &#x438;&#x43B;., &#x43F;&#x43E;&#x440;&#x442;&#x440;., &#x444;&#x430;&#x43A;&#x441;.</subfield>
    <subfield code="d">21</subfield>
  </datafield>
  <datafield tag="225" ind1="1" ind2=" ">
    <subfield code="a">&#x416;&#x438;&#x437;&#x43D;&#x44C; &#x437;&#x430;&#x43C;&#x435;&#x447;&#x430;&#x442;&#x435;&#x43B;&#x44C;&#x43D;&#x44B;&#x445; &#x43B;&#x44E;&#x434;&#x435;&#x439;</subfield>
    <subfield code="e">&#x441;&#x435;&#x440;&#x438;&#x44F; &#x431;&#x438;&#x43E;&#x433;&#x440;&#x430;&#x444;&#x438;&#x439;</subfield>
    <subfield code="f">&#x43E;&#x441;&#x43D;&#x43E;&#x432;&#x430;&#x43D;&#x430; &#x432; 1890 &#x433;. &#x424;. &#x41F;&#x430;&#x432;&#x43B;&#x435;&#x43D;&#x43A;&#x43E;&#x432;&#x44B;&#x43C; &#x438; &#x43F;&#x440;&#x43E;&#x434;&#x43E;&#x43B;&#x436;&#x435;&#x43D;&#x430; &#x432; 1933 &#x433;. &#x41C;. &#x413;&#x43E;&#x440;&#x44C;&#x43A;&#x438;&#x43C;</subfield>
    <subfield code="v">1419 (1219)</subfield>
  </datafield>
  <datafield tag="300" ind1=" " ind2=" ">
    <subfield code="a">&#x41D;&#x430; 4-&#x439; &#x441;. &#x43E;&#x431;&#x43B;. &#x430;&#x432;&#x442;.: &#x43F;&#x438;&#x441;&#x430;&#x442;&#x435;&#x43B;&#x44C;-&#x438;&#x441;&#x442;&#x43E;&#x440;&#x438;&#x43A; &#x421;&#x432;&#x44F;&#x442;&#x43E;&#x441;&#x43B;&#x430;&#x432; &#x420;&#x44B;&#x431;&#x430;&#x441;</subfield>
  </datafield>
  <datafield tag="320" ind1=" " ind2=" ">
    <subfield code="a">&#x411;&#x438;&#x431;&#x43B;&#x438;&#x43E;&#x433;&#x440;. &#x432; &#x43F;&#x440;&#x438;&#x43C;&#x435;&#x447;.: &#x441;. 865-880 &#x438; &#x411;&#x438;&#x431;&#x43B;&#x438;&#x43E;&#x433;&#x440;.: &#x441;. 885-892</subfield>
  </datafield>
  <datafield tag="320" ind1=" " ind2=" ">
    <subfield code="a">&#x414;&#x440;. &#x43F;&#x440;&#x43E;&#x438;&#x437;&#x432;&#x435;&#x434;&#x435;&#x43D;&#x438;&#x44F; &#x430;&#x432;&#x442;. &#x43D;&#x430; 4-&#x439; &#x441;. &#x43E;&#x431;&#x43B;.</subfield>
  </datafield>
  <datafield tag="600" ind1=" " ind2="1">
    <subfield code="a">&#x421;&#x442;&#x430;&#x43B;&#x438;&#x43D;</subfield>
    <subfield code="b">&#x418;. &#x412;.</subfield>
    <subfield code="f">1879 - 1953</subfield>
    <subfield code="g">&#x418;&#x43E;&#x441;&#x438;&#x444; &#x412;&#x438;&#x441;&#x441;&#x430;&#x440;&#x438;&#x43E;&#x43D;&#x43E;&#x432;&#x438;&#x447;</subfield>
    <subfield code="9">1004150</subfield>
    <subfield code="3">RU\NLR\auth\6663550</subfield>
  </datafield>
  <datafield tag="686" ind1=" " ind2=" ">
    <subfield code="a">&#x422;3(2)7-8</subfield>
  </datafield>
  <datafield tag="686" ind1=" " ind2=" ">
    <subfield code="a">&#x424;61(2)8</subfield>
  </datafield>
  <datafield tag="686" ind1=" " ind2=" ">
    <subfield code="a">&#x426;4,6(2)243&#x434;&#x421;&#x442;&#x430;&#x43B;&#x438;&#x43D;</subfield>
  </datafield>
  <datafield tag="700" ind1=" " ind2="1">
    <subfield code="4">070</subfield>
    <subfield code="7">ca</subfield>
    <subfield code="8">rus</subfield>
    <subfield code="a">&#x420;&#x44B;&#x431;&#x430;&#x441;</subfield>
    <subfield code="b">&#x421;. &#x42E;.</subfield>
    <subfield code="f">1946-</subfield>
    <subfield code="g">&#x421;&#x432;&#x44F;&#x442;&#x43E;&#x441;&#x43B;&#x430;&#x432; &#x42E;&#x440;&#x44C;&#x435;&#x432;&#x438;&#x447;</subfield>
    <subfield code="9">211025</subfield>
    <subfield code="3">RU\NLR\AUTH\770211081</subfield>
  </datafield>
  <datafield tag="702" ind1=" " ind2="1">
    <subfield code="4">570</subfield>
    <subfield code="8">rus</subfield>
    <subfield code="7">ca</subfield>
    <subfield code="a">&#x421;&#x442;&#x430;&#x43B;&#x438;&#x43D;</subfield>
    <subfield code="b">&#x418;. &#x412;.</subfield>
    <subfield code="f">1879-1953</subfield>
    <subfield code="g">&#x418;&#x43E;&#x441;&#x438;&#x444; &#x412;&#x438;&#x441;&#x441;&#x430;&#x440;&#x438;&#x43E;&#x43D;&#x43E;&#x432;&#x438;&#x447;</subfield>
    <subfield code="3">RU\NLR\auth\773464</subfield>
    <subfield code="9">113460</subfield>
  </datafield>
  <datafield tag="801" ind1=" " ind2="0">
    <subfield code="a">RU</subfield>
    <subfield code="b">NLR</subfield>
    <subfield code="c">20100320</subfield>
    <subfield code="g">RCR</subfield>
  </datafield>
  <datafield tag="801" ind1=" " ind2="1">
    <subfield code="a">RU</subfield>
    <subfield code="b">NLR</subfield>
    <subfield code="c">20100320</subfield>
  </datafield>
  <datafield tag="830" ind1=" " ind2=" ">
    <subfield code="a">&#x430;&#x432;&#x442;. &#x43F;&#x43E; &#x43A;&#x43D;.</subfield>
  </datafield>
  <datafield tag="942" ind1=" " ind2=" ">
    <subfield code="c">BOOK</subfield>
  </datafield>
  <datafield tag="980" ind1=" " ind2=" ">
    <subfield code="a">NB</subfield>
  </datafield>
  <datafield tag="995" ind1=" " ind2=" ">
    <subfield code="5">2010-03-20</subfield>
    <subfield code="a">ad</subfield>
    <subfield code="b">NLR01</subfield>
    <subfield code="c">NLR01</subfield>
    <subfield code="e">RF8</subfield>
    <subfield code="f">1-765672</subfield>
    <subfield code="k">2010-3/8883</subfield>
    <subfield code="o">0</subfield>
    <subfield code="r">BOOK</subfield>
    <subfield code="s">201038883_</subfield>
  </datafield>
  <datafield tag="995" ind1=" " ind2=" ">
    <subfield code="5">2010-03-20</subfield>
    <subfield code="a">ad</subfield>
    <subfield code="b">NLR03</subfield>
    <subfield code="c">NLR03</subfield>
    <subfield code="e">UJZ</subfield>
    <subfield code="f">1-549701</subfield>
    <subfield code="k">&#x42E;  &#x424;61(2)8 &#x421;&#x442;&#x430;&#x43B;&#x438;&#x43D;/&#x420;-93</subfield>
    <subfield code="o">0</subfield>
    <subfield code="r">BOOK</subfield>
    <subfield code="s">_612893</subfield>
  </datafield>
</record>
